000 00301nam a22001337a 4500
008 180308b xxu||||| |||| 00| 0 eng d
020 _a002362230-X
041 _aeng
080 _a721
100 _a41
101 _aNDE
245 _aHousing an environment for living
_cKeiser,M.B
942 _2udc
_cBK
999 _c44512
_d44512